书目信息 |
| 题名: |
天津市数学研究成果选编
|
|
| 作者: | ;天津市数学会 编 | |
| 分册: | ||
| 出版信息: | 天津 天津科技出版社 1983 |
|
| 页数: | 215页 | |
| 开本: | 25cm | |
| 丛书名: | ||
| 单 册: | ||
| 中图分类: | O1-53 | |
| 科图分类: | ||
| 主题词: | 数学--文集 | |
| 电子资源: | ||
| ISBN: | ||
| 000 | 00669nam0 2200229 45 | |
| 001 | 0183011885 | |
| 005 | 20060512091553.82 | |
| 010 | @dCNY2.90 | |
| 091 | @a13212.59 | |
| 100 | @a19950316d1983 kemy0chiy0121 ea | |
| 101 | 0 | @achi |
| 102 | @aCN@b120000 | |
| 105 | @ay z 000yy | |
| 200 | 10 | @a天津市数学研究成果选编@Atian jin shi shu xue yan jiu cheng guo xuan bian@f天津市数学会编@Ftian jin shi shu xue hui bian |
| 210 | @a天津@c天津科技出版社@d1983 | |
| 215 | @a215页@d25cm | |
| 606 | @a数学@x文集 | |
| 690 | @aO1-53@v3 | |
| 711 | 02 | @a天津市数学会@Atian jin shi shu xue hui@4编 |
| 801 | 2 | @aCN@bNLC@c20060512 |
| 801 | 0 | @aCN@bTSSF |
| 905 | @a10447@dO1-53@e111 | |
| 天津市数学研究成果选编/天津市数学会编.-天津:天津科技出版社,1983 |
| 215页;25cm |
| ISBN :CNY2.90 |
| ● |
| 相关链接 |
|
|
|
|
正题名:天津市数学研究成果选编
索取号:O1-53/111
 
预约/预借
| 序号 | 登录号 | 条形码 | 馆藏地/架位号 | 状态 | 备注 |
| 1 | 0109891 | 202335589 | 密集书库/ [索取号:O1-53/111] | 在馆 | |
| 2 | 0109892 | 202335552 | 密集书库/ [索取号:O1-53/111] | 在馆 | |
| 3 | 0109893 | 202335623 | 密集书库/ [索取号:O1-53/111] | 在馆 | |
| 4 | 0109894 | 202335598 | 密集书库/ [索取号:O1-53/111] | 在馆 |